LEADER 00980nam 2200361 450 001 9910155939903321 005 20230808200855.0 010 $a3-7345-8073-0 035 $a(CKB)3710000000977958 035 $a(MiAaPQ)EBC4772841 035 $a(EXLCZ)993710000000977958 100 $a20170219h20162016 uy 0 101 0 $ager 135 $aurcnu|||||||| 181 $2rdacontent 182 $2rdamedia 183 $2rdacarrier 200 10$aHoka-hey $eein guter tag zum sterben /$fJens Holger Fidelak 210 1$aHamburg, [Germany] :$ctredition,$d2016. 210 4$d©2016 215 $a1 online resource (196 pages) 311 $a3-7345-8072-2 606 $aMurder$xInvestigation$zGermany 615 0$aMurder$xInvestigation 676 $a363.259523 700 $aFidelak$b Jens Holger$01263727 801 0$bMiAaPQ 801 1$bMiAaPQ 801 2$bMiAaPQ 906 $aBOOK 912 $a9910155939903321 996 $aHoka-hey$92962507 997 $aUNINA LEADER 01178nam0 2200325 i 450 001 NAP0536773 005 20231121125601.0 010 $a9788815237910 020 $aIT$b2012-5460 100 $a20180209d2012 ||||0itac50 ba 101 | $aita 102 $ait 181 1$6z01$ai $bxxxe 182 1$6z01$an 200 1 $aAnticristianesimo e libertą$estudi sull'illuminismo radicale europeo$fSilvia Berti 210 $aBologna$cIl mulino$d2012 215 $aXXXVI, 372 p., [20] carte di tav.$cill.$d24 cm 300 $aGią pubblicati 300 $aIn copertina: Istituto italiano per gli studi storici 606 $aIlluminismo$xSec. 17.-18.$2FIR$3CFIC205130$9N 676 $a940.25$9$v21 700 1$aBerti$b, Silvia$f <1954- >$3CFIV046521$0792207 801 3$aIT$bIT-01$c20180209 850 $aIT-FR0017 899 $aBiblioteca umanistica Giorgio Aprea$bFR0017 $eN 912 $aNAP0536773 950 0$aBiblioteca umanistica Giorgio Aprea$d 52DCB Ber.Ant.$e 52SBA0000234525 VMB RS $fA $h20180209$i20180209 977 $a 52 996 $aAnticristianesimo e libertą$91771437 997 $aUNICAS